000 nam a22 7a 4500
999 _c9200
_d9200
008 180124b ||||| |||| 00| 0 eng d
100 _aVerma
_95458
245 _aScience - Physics, Chemistry, Biology
260 _aNew Delhi
_bDhanapat Rai Publication
_c2008